NGOs, the UN, and global governance / (Record no. 18710)

000 -LEADER
fixed length control field 00848cam a2200229 a 4500
020 ## - INTERNATIONAL STANDARD BOOK NUMBER
ISBN 1555876269 (pbk. : alk. paper)
020 ## - INTERNATIONAL STANDARD BOOK NUMBER
ISBN 1555876137 (hardcover : alk. paper)
040 ## - CATALOGING SOURCE
Transcribing agency DLC
082 00 - DEWEY DECIMAL CLASSIFICATION NUMBER
Classification number 361 LYN 1996 C151 Or.
245 00 - TITLE STATEMENT
Title NGOs, the UN, and global governance /
260 ## - PUBLICATION, DISTRIBUTION, ETC. (IMPRINT)
Place of publication Boulder, Colo. :
Name of publisher Lynne Rienner,
Year of publication 1996
300 ## - PHYSICAL DESCRIPTION
Number of Pages 250 p. ;
Dimensions 23 cm
490 1# - SERIES STATEMENT
Series statement Emerging global issues
500 ## - GENERAL NOTE
General note "Published in association with the Thomas J Watson, Jr., Institute for International Studies, Brown University"--P. facing t.p
650 #0 - SUBJECT ADDED ENTRY--TOPICAL TERM
Topical Term Non-governmental organizations
650 #0 - SUBJECT ADDED ENTRY--TOPICAL TERM
Topical Term International cooperation
650 #0 - SUBJECT ADDED ENTRY--TOPICAL TERM
Topical Term International organization
700 1# - ADDED ENTRY--PERSONAL NAME
Personal name Weiss, Thomas G.
700 1# - ADDED ENTRY--PERSONAL NAME
Personal name Gordenker, Leon,
710 2# - ADDED ENTRY--CORPORATE NAME
Corporate name or jurisdiction name as entry element Thomas J. Watson, Jr. Institute for International Studies (Brown University)
942 ## - ADDED ENTRY ELEMENTS (KOHA)
Koha item type ADB
952 ## - LOCATION AND ITEM INFORMATION (KOHA)
Withdrawn status [LOCAL, KOHA] 0
Holdings
Source of acquisition Permanent Location Date acquired Koha item type Lost status Shelving location Current Location Full call number
A38681Library Block C2020-01-14សៀវភៅភាសាអង់គ្លេស C151Library Block C361 LYN 1996 C151 Or.
មជ្ឈមណ្ឌលឯការនៃសាកលវិទ្យាល័យភូមិន្ទកសិកម្មចំការដូង

Powered by Koha